Ryby - Statystyki

Ogólne statystyki
  • Ten quiz został rozwiązany 180 razy
  • Średni wynik to 4 z 12
Statystyki odpowiedzi
Obrazkowy Odpowiedź % Poprawnych
Rekin
97%
Sum
90%
Płaszczka
74%
Konik morski
68%
Barakuda
37%
Murena
32%
Miecznik
23%
Pstrąg tęczowy
14%
Biały rekin
2%
Ryba lew
2%
Ryba papuga
1%
Żółty posmak
0%
Nie znaleziono quizów pasujących do podanych kryteriów
Rozkład punktacji
Procent ludzi z każdym wynikiem
Percentyl według liczby udzielonych odpowiedzi
Twoja historia wyników
Nie rozwiązałeś tego quizu